Statistics for Countries and Empires Lifespans

Click here to take the quiz!

General Stats

  • This quiz has been taken 8 times
    (7 since last reset)
  • The average score is 6 of 15

Answer Stats

QuestionAnswer% Correct
How long did the USA lasted for1776-present
83%
How long did the British Empire lasted for1601-1997
67%
How long did the Vermont Republic lasted for1777-1791
67%
How long did Texas lasted as a country1836-1845
67%
How long did the British Raj lasted for1858-1947
67%
How long did the Kalmar Union lasted for1397-1448
50%
How long did the CSA lasted for1861-1865
50%
How long did the Soviet Union lasted for1922-1991
50%
How long did the Roman Empire lasted for27BC-1453CE
50%
How long did the Japanese Empire lasted for1868-1945
33%
How long did the Qing Dynasty lasted for1644-1911/1912
17%
How long did Switzerland lasted for1848-present
17%
How long did the Italian Empire lasted for1936-1943
17%
How long did the British Colonial USA lasted for1607-1783
0%
How long did the Napoleonic French Empire lasted for1799-1815
0%

Score Distribution

Percentile by Number Answered

Percent of People with Each Score

Your Score History

You have not taken this quiz since the last reset